| 000 | 01600nam0a22003971 4500 | ||
|---|---|---|---|
| 001 | RU\NLR\A1SV\74090 | ||
| 005 | 20260128111606.0 | ||
| 035 | _a(NLR Aleph) 009755600 | ||
| 090 |
_a9998126 _c9998126 |
||
| 100 | _a20061122d1923 u y0rusy50 ca | ||
| 101 | 1 |
_arus _cger |
|
| 102 | _aRU | ||
| 200 | 1 |
_aВскармливание и обмен веществ в грудном возрасте _eРук. для практ. врача _fLeo Langstein und Ludwig E. Meyer _gПер. с 2-го и 3-го нем. изд. орд. Клиники дет. болезней 2-го Гос. унив. А.А.Кисловской и Е.П.Гальперин _gПод ред. с прим. и доб. преп. Клиники С.И.Федынского |
|
| 210 |
_aМ. _cОтд. охраны материнства и младенчества Наркомздрава _d1923 |
||
| 215 |
_aX, [2], 455 с. _cил., табл. _d25 см |
||
| 620 | _dМосква | ||
| 700 | 1 |
_6z01790 _aЛангштейн _bЛ. _f1876-1933 _gЛео |
|
| 701 | 1 |
_6z02790 _aМейер _bЛ.Е. _gЛюдвиг Е. |
|
| 702 | 1 |
_aКисловская _bА.А. |
|
| 702 | 1 |
_aГальперин _bЕ.П. |
|
| 702 | 1 |
_aФедынский _bС.И. |
|
| 790 | 1 |
_6z01700 _aLangstein _bL. _gLeo |
|
| 790 | 1 |
_6z02701 _aMeyer _bL.E. _gLudwig E. |
|
| 801 | 0 |
_aRU _bNLR _c20061122 |
|
| 852 |
_aNLR _j37.11.3.162 |
||
| 852 |
_aNLR _j132/3601 |
||
| 899 | _aРГБ | ||
| 899 | _aБАН | ||
| 899 | _aСОУНБ | ||
| 899 | _aНБ Бел. | ||
| 899 | _aНБУВ | ||
| 899 | _aКирОУНБ | ||
| 942 | _cBOOK | ||
| 980 | _aA1SV | ||
| 980 | _aNB | ||